Wszystkie parki w Łodzi - Statystyki

Ogólne statystyki
  • Ten quiz został rozwiązany 10 razy
  • Średni wynik to 13 z 41
Statystyki odpowiedzi
Dzielnica Park % Poprawnych
Bałuty im. Adama Mickiewicza
71%
Polesie Marszałka Józefa Piłsudskiego
71%
Bałuty Staromiejski
71%
Widzew 3 maja
57%
Polesie im. Józefa Poniatowskiego
57%
Górna im. Władysława Reymonta
57%
Widzew Jana Kilińskiego
57%
Widzew Podolski
57%
Bałuty Szarych Szeregów
57%
Widzew Widzewski
57%
Górna 1 maja
43%
Bałuty Helenów
43%
Górna im. Juliusza Słowackiego
43%
Górna im. Tadeusza Rejtana
43%
Górna Jarosława Dąbrowskiego
43%
Górna Legionów
43%
Górna Na Młynku
43%
Górna Ocalałych
43%
Widzew Źródła Olechówki
43%
Widzew Źródliska
43%
Bałuty im. Andrzeja Struga
29%
Śródmieście im. Henryka Sienkiewicza
29%
Widzew im. Roberta Baden-Powella – Naczelnego Skauta Świata
29%
Śródmieście im. Stanisława Moniuszki
29%
Śródmieście im. Stanisława Staszica
29%
Śródmieście Jana Matejki
29%
Widzew Generała Mariusza Zaruskiego
14%
Bałuty Kielecki
14%
Polesie Księdza Biskupa Michała Klepacza
14%
Widzew Nad Jasieniem
14%
Widzew na Janowie
14%
Polesie na Smulsku
14%
Górna Przy ul. Leczniczej
14%
Górna Sielanka
14%
Bałuty Stefana Żeromskiego
14%
Bałuty Generała Władysława Andersa
0%
Bałuty Grabieński Las
0%
Bałuty im. Armii Łódź
0%
Górna Jana Gibusa
0%
Bałuty nad Sokołówką
0%
Bałuty Piastowski
0%
Nie znaleziono quizów pasujących do podanych kryteriów
Rozkład punktacji
Procent ludzi z każdym wynikiem
Percentyl według liczby udzielonych odpowiedzi
Twoja historia wyników
Nie rozwiązałeś tego quizu